000 00459nam a22001697a 4500
005 20251108171021.0
008 250721s2002 xx 000 0 ara d
082 1 4 _a811.9565/سمح
100 1 _aسمحان، محمد عبد القادر
245 1 0 _aأقانيم :
_bشعر /
264 1 _aعمان :
_bالمؤلف،
_c2002.
300 _a188ص.
650 1 7 _aالشعر العربي
650 1 7 _aالأردن
942 _2ddc
_cBK
999 _c54483
_d54483